[Event "Helsingor Xtracon op"]
[Site "Helsingor"]
[Date "2019.07.20"]
[Round "1"]
[White "Sargissian, Gabriel"]
[Black "Skovgaard, Tom"]
[Result "1-0"]
[WhiteElo "2681"]
[BlackElo "1954"]
[PlyCount "39"]
[EventDate "2019.07.20"]
[EventType "swiss"]
[EventRounds "10"]
[EventCountry "DEN"]
[SourceTitle "CBM 191 Extra"]
[Source "ChessBase"]
[SourceDate "2019.09.30"]
[SourceVersion "1"]
[SourceVersionDate "2019.09.30"]
[SourceQuality "1"]

1. d4 Nf6 2. c4 e6 3. Nf3 d5 4. Nc3 Nbd7 5. g3 Bb4 6. Bg2 b6 7. 0-0 Bb7 8. cxd5 Nxd5 9. Nxd5 Bxd5 10. Qc2 0-0 11. Ng5 Nf6 12. e4 h6 13. exd5 hxg5 14. dxe6 fxe6 15. Qc4 Qe7 16. Bxa8 Rxa8 17. Bxg5 Bd6 18. Rae1 Re8 19. Re3 Qf7 20. Bxf6 1-0

[Event "Politiken Cup 37th"]
[Site "Helsingor"]
[Date "2015.07.26"]
[Round "2"]
[White "Skovgaard, Tom"]
[Black "Thybo, Jesper Sondergaard"]
[Result "0-1"]
[WhiteElo "2022"]
[BlackElo "2255"]
[PlyCount "80"]
[EventDate "2015.07.25"]
[EventType "swiss"]
[EventRounds "10"]
[EventCountry "DEN"]
[SourceTitle "CBM 167 Extra"]
[Source "ChessBase"]
[SourceDate "2015.09.14"]
[SourceVersion "1"]
[SourceVersionDate "2015.09.14"]
[SourceQuality "1"]

1. e4 c5 2. Nf3 d6 3. Bb5+ Nd7 4. 0-0 Ngf6 5. Re1 e6 6. c3 a6 7. Bf1 Be7 8. d4 0-0 9. e5 dxe5 10. dxe5 Nd5 11. c4 Nb4 12. Nc3 b6 13. a3 Nc6 14. g3 Bb7 15. Bg2 Qc7 16. Bf4 Rfd8 17. Nd5 exd5 18. e6 Bd6 19. Bxd6 Qxd6 20. cxd5 Ne7 21. exd7 Qxd7 22. d6 Nd5 23. Ng5 Qxd6 24. Qb3 h6 25. Ne4 Qc7 26. Rad1 Rab8 27. Rd2 Ne7 28. Red1 Rxd2 29. Rxd2 Nf5 30. Qc4 Re8 31. Qe2 Bxe4 32. Bxe4 Nd4 33. Qxa6 Qe5 34. Rxd4 Qxd4 35. Bc6 Re6 36. Kg2 Qxb2 37. Qc8+ Kh7 38. Bd5 Rf6 39. Be4+ g6 40. Bf3 Qxa3 0-1

[Event "Reykjavik op"]
[Site "Reykjavik"]
[Date "2015.03.18"]
[Round "10"]
[White "Maisuradze, Nino"]
[Black "Skovgaard, Tom"]
[Result "1-0"]
[WhiteElo "2302"]
[BlackElo "2042"]
[PlyCount "71"]
[EventDate "2015.03.10"]
[EventType "swiss"]
[EventRounds "10"]
[EventCountry "ISL"]
[SourceTitle "CBM 165 Extra"]
[Source "ChessBase"]
[SourceDate "2015.04.21"]
[SourceVersion "1"]
[SourceVersionDate "2015.04.21"]
[SourceQuality "1"]

1. d4 Nf6 2. Nf3 e6 3. c4 Bb4+ 4. Nbd2 0-0 5. a3 Be7 6. e4 d5 7. e5 Ne8 8. Qc2 f5 9. exf6 Nxf6 10. Bd3 c5 11. dxc5 Bxc5 12. cxd5 Bxf2+ 13. Kxf2 Ng4+ 14. Ke1 exd5 15. Nb3 Nc6 16. Bg5 Qb6 17. Bxh7+ Kh8 18. Rf1 Bd7 19. Nc5 Qa5+ 20. Qc3 Qxc3+ 21. bxc3 Kxh7 22. Nxd7 Rfe8+ 23. Kd2 Na5 24. Rae1 Nc4+ 25. Kd3 Nxa3 26. Nde5 Nf6 27. Bxf6 gxf6 28. Ng4 Rxe1 29. Nxe1 Kg6 30. Rxf6+ Kg5 31. h3 Kh4 32. Ne3 a5 33. Nf3+ Kg3 34. Ke2 Nb1 35. Rg6+ Kf4 36. Rg4# 1-0

[Event "Reykjavik op"]
[Site "Reykjavik"]
[Date "2015.03.14"]
[Round "6"]
[White "Poley, Vladimir"]
[Black "Skovgaard, Tom"]
[Result "0-1"]
[WhiteElo "2269"]
[BlackElo "2042"]
[PlyCount "58"]
[EventDate "2015.03.10"]
[EventType "swiss"]
[EventRounds "10"]
[EventCountry "ISL"]
[SourceTitle "CBM 165 Extra"]
[Source "ChessBase"]
[SourceDate "2015.04.21"]
[SourceVersion "1"]
[SourceVersionDate "2015.04.21"]
[SourceQuality "1"]

1. Nf3 d5 2. b3 Nf6 3. Bb2 g6 4. c4 c6 5. cxd5 cxd5 6. Bxf6 exf6 7. d4 Nc6 8. e3 Bb4+ 9. Nbd2 Bf5 10. Be2 Bc3 11. Rc1 Bb2 12. Rc5 Ba3 13. Rb5 a6 14. Rxb7 Bc8 15. Bxa6 Rxa6 16. Rb5 Na7 17. Rb8 Qc7 18. Ra8 Qb7 19. Rxc8+ Qxc8 20. 0-0 0-0 21. Ne1 Qc6 22. Nd3 Bd6 23. a4 Rc8 24. Qe2 Qb7 25. Rb1 Nc6 26. b4 Rxa4 27. Qf3 Qb5 28. Qxf6 Be7 29. Qf5 gxf5 0-1

[Event "Salo We SalSK Westerinen 70"]
[Site "Salo"]
[Date "2014.??.??"]
[Round "4"]
[White "Lehtosaari, Kalevi"]
[Black "Skovgaard, Tom"]
[Result "1/2-1/2"]
[WhiteElo "2030"]
[BlackElo "1989"]
[PlyCount "110"]
[EventDate "2014.??.??"]
[EventType "swiss"]
[EventRounds "5"]
[EventCountry "FIN"]
[SourceTitle "EXT 2022"]
[Source "ChessBase"]
[SourceDate "2021.10.06"]
[SourceVersion "1"]
[SourceVersionDate "2021.10.06"]
[SourceQuality "1"]

1. c4 e5 2. Nc3 Nf6 3. g3 Bb4 4. Bg2 0-0 5. Nf3 Re8 6. 0-0 c6 7. a3 Bxc3 8. bxc3 d5 9. cxd5 Qxd5 10. d4 exd4 11. cxd4 Qh5 12. Rb1 Nbd7 13. Bf4 Nd5 14. Bd2 N7b6 15. Re1 Bf5 16. Rb2 Be4 17. a4 Rab8 18. Ne5 Bxg2 19. Kxg2 f6 20. a5 fxe5 21. axb6 Nxb6 22. dxe5 Qxe5 23. Qb3+ Qe6 24. Bf4 Qxb3 25. Rxb3 Rbd8 26. Bc7 Rd2 27. Bxb6 axb6 28. Rxb6 Re7 29. e3 Rf7 30. Rf1 c5 31. Rb5 Rc2 32. g4 h6 33. Kg3 c4 34. f4 Rd7 35. Rfb1 Rd3 36. Re5 Rcc3 37. Rxb7 Rxe3+ 38. Rxe3 Rxe3+ 39. Kf2 Rb3 40. Rc7 Rb2+ 41. Kg3 Rc2 42. h4 Rc1 43. Kg2 c3 44. g5 hxg5 45. hxg5 g6 46. Kf2 c2 47. Ke2 Kf8 48. Kd2 Rf1 49. Kxc2 Rxf4 50. Rc5 Rd4 51. Kc3 Rd1 52. Re5 Kf7 53. Kc4 Rd6 54. Kc5 Rd1 55. Kc6 Rd2 1/2-1/2

[Event "Salo We SalSK Westerinen 70"]
[Site "Salo"]
[Date "2014.??.??"]
[Round "3"]
[White "Skovgaard, Tom"]
[Black "Koskinen, Veikko"]
[Result "1/2-1/2"]
[WhiteElo "1989"]
[BlackElo "1953"]
[PlyCount "73"]
[EventDate "2014.??.??"]
[EventType "swiss"]
[EventRounds "5"]
[EventCountry "FIN"]
[SourceTitle "EXT 2022"]
[Source "ChessBase"]
[SourceDate "2021.10.06"]
[SourceVersion "1"]
[SourceVersionDate "2021.10.06"]
[SourceQuality "1"]

1. e4 c6 2. d4 d5 3. Nc3 dxe4 4. Nxe4 Nf6 5. Nxf6+ gxf6 6. c3 Bf5 7. Nf3 e6 8. g3 Qd5 9. Bg2 Qc4 10. Bf1 Qd5 11. Qe2 Nd7 12. Bg2 Qe4 13. Nh4 Qxe2+ 14. Kxe2 Bc2 15. Be3 h6 16. Rhc1 Bg6 17. Nxg6 fxg6 18. b4 Nb6 19. b5 Rc8 20. a4 Rh7 21. bxc6 bxc6 22. c4 Rhc7 23. Bf4 e5 24. dxe5 Re7 25. a5 Nd7 26. Kd3 Nxe5+ 27. Bxe5 Rxe5 28. Re1 Rxe1 29. Rxe1+ Kd7 30. Bh3+ f5 31. g4 Kd6 32. gxf5 gxf5 33. Bxf5 Rb8 34. Re6+ Kc5 35. Be4 Rd8+ 36. Ke3 Rd6 37. Rxd6 1/2-1/2

[Event "Salo We SalSK Westerinen 70"]
[Site "Salo"]
[Date "2014.??.??"]
[Round "5"]
[White "Skovgaard, Tom"]
[Black "Linqvist, Grels"]
[Result "1-0"]
[WhiteElo "1989"]
[BlackElo "2041"]
[PlyCount "45"]
[EventDate "2014.??.??"]
[EventType "swiss"]
[EventRounds "5"]
[EventCountry "FIN"]
[SourceTitle "EXT 2022"]
[Source "ChessBase"]
[SourceDate "2021.10.06"]
[SourceVersion "1"]
[SourceVersionDate "2021.10.06"]
[SourceQuality "1"]

1. e4 e6 2. d4 d5 3. Nd2 Nf6 4. e5 Nfd7 5. Bd3 c5 6. c3 Nc6 7. Ndf3 cxd4 8. cxd4 f6 9. exf6 Nxf6 10. Nh3 Bd6 11. 0-0 0-0 12. Re1 Qc7 13. Nhg5 e5 14. dxe5 Nxe5 15. Bxh7+ Nxh7 16. Rxe5 Bxe5 17. Qxd5+ Kh8 18. Nxe5 Rf6 19. Nef7+ Rxf7 20. Nxf7+ Kg8 21. Nh6+ Kf8 22. Qg8+ Ke7 23. Qxg7+ 1-0

[Event "Politiken Cup 35th"]
[Site "Helsingor"]
[Date "2013.08.02"]
[Round "8"]
[White "Skovgaard, Tom"]
[Black "Leutwyler, Martin"]
[Result "1-0"]
[WhiteElo "1962"]
[BlackElo "2180"]
[PlyCount "49"]
[EventDate "2013.07.27"]
[EventType "swiss"]
[EventRounds "10"]
[EventCountry "DEN"]
[SourceTitle "CBM 155 Extra"]
[Source "ChessBase"]
[SourceDate "2013.08.26"]
[SourceVersion "1"]
[SourceVersionDate "2013.08.26"]
[SourceQuality "1"]

1. e4 Nf6 2. e5 Nd5 3. d4 d6 4. c4 Nb6 5. exd6 exd6 6. Nc3 Nc6 7. Bd3 Nxd4 8. Bxh7 Rxh7 9. Qxd4 Qe7+ 10. Nge2 Rh4 11. f4 Bg4 12. 0-0 0-0-0 13. a4 c5 14. Qf2 g6 15. a5 Nxc4 16. Nd5 Qxe2 17. Qxh4 Be6 18. Nc3 Qd3 19. f5 gxf5 20. Bg5 Re8 21. a6 Nxb2 22. axb7+ Kb8 23. Bf6 d5 24. Qf4+ Kxb7 25. Rxa7+ 1-0

[Event "Politiken Cup 35th"]
[Site "Helsingor"]
[Date "2013.08.01"]
[Round "7"]
[White "Riis, Jens"]
[Black "Skovgaard, Tom"]
[Result "1/2-1/2"]
[WhiteElo "2174"]
[BlackElo "1962"]
[PlyCount "61"]
[EventDate "2013.07.27"]
[EventType "swiss"]
[EventRounds "10"]
[EventCountry "DEN"]
[SourceTitle "CBM 155 Extra"]
[Source "ChessBase"]
[SourceDate "2013.08.26"]
[SourceVersion "1"]
[SourceVersionDate "2013.08.26"]
[SourceQuality "1"]

1. d4 Nf6 2. Nf3 d5 3. Bf4 c5 4. e3 Nc6 5. c3 e6 6. Nbd2 Bd6 7. Bg3 0-0 8. Ne5 Qc7 9. f4 cxd4 10. exd4 Qb6 11. Rb1 Ne7 12. Bd3 Ng6 13. 0-0 Bd7 14. Kh1 Bb5 15. c4 dxc4 16. Ndxc4 Qa6 17. Nxd6 Bxd3 18. Nxd3 Qxd6 19. f5 Qxd4 20. fxg6 hxg6 21. Be5 Qh4 22. Bxf6 gxf6 23. Qf3 Rad8 24. Nf2 Rd5 25. Ne4 f5 26. Nc3 Rd2 27. Qxb7 Kg7 28. Qxa7 Rh8 29. Qg1 g5 30. Nd1 Re2 31. Nc3 1/2-1/2

[Event "Politiken Cup 35th"]
[Site "Helsingor"]
[Date "2013.07.30"]
[Round "5"]
[White "Thuesen, Mogens Henrik"]
[Black "Skovgaard, Tom"]
[Result "0-1"]
[WhiteElo "2267"]
[BlackElo "1962"]
[PlyCount "74"]
[EventDate "2013.07.27"]
[EventType "swiss"]
[EventRounds "10"]
[EventCountry "DEN"]
[SourceTitle "CBM 155 Extra"]
[Source "ChessBase"]
[SourceDate "2013.08.26"]
[SourceVersion "1"]
[SourceVersionDate "2013.08.26"]
[SourceQuality "1"]

1. e4 d5 2. exd5 Qxd5 3. Nc3 Qd6 4. d4 c6 5. Nge2 Nf6 6. Qd3 g6 7. Bf4 Qd8 8. 0-0-0 Bg7 9. f3 Bf5 10. Qd2 Nd5 11. Nxd5 Qxd5 12. Nc3 Qa5 13. Bc4 b5 14. Bb3 b4 15. Ne4 Bxe4 16. fxe4 0-0 17. Bg5 Bxd4 18. Bh6 Bg7 19. h4 Na6 20. Bxg7 Kxg7 21. Qf4 Nc5 22. h5 Nxb3+ 23. Kb1 g5 24. h6+ Kg8 25. Qg4 Nd2+ 26. Rxd2 Rfd8 27. Rh5 f6 28. Qe6+ Kf8 29. Rxd8+ Rxd8 30. Rh1 Rd6 31. Qc4 Qb6 32. b3 Qb5 33. Qxb5 cxb5 34. Rf1 e5 35. Rc1 Kf7 36. c3 bxc3 37. Rxc3 Kg6 0-1

[Event "Politiken Cup 33rd"]
[Site "Helsingor"]
[Date "2011.08.06"]
[Round "9"]
[White "Skovgaard, Tom"]
[Black "Jorgensen, Dennis"]
[Result "1/2-1/2"]
[WhiteElo "2013"]
[BlackElo "2231"]
[PlyCount "70"]
[EventDate "2011.07.30"]
[EventType "swiss"]
[EventRounds "10"]
[EventCountry "DEN"]
[SourceTitle "CBM 143 Extra"]
[Source "ChessBase"]
[SourceDate "2011.08.29"]
[SourceVersion "1"]
[SourceVersionDate "2011.08.29"]
[SourceQuality "1"]

1. e4 c6 2. d4 d5 3. Nc3 dxe4 4. Nxe4 Bf5 5. Ng3 Bg6 6. h4 h6 7. Nf3 Nd7 8. h5 Bh7 9. Bd3 Bxd3 10. Qxd3 e6 11. Bd2 Ngf6 12. 0-0-0 Be7 13. Kb1 0-0 14. Ne4 Nxe4 15. Qxe4 Nf6 16. Qe2 Qd5 17. g4 Qe4 18. Qxe4 Nxe4 19. Rh2 Nxd2+ 20. Rxd2 Rad8 21. Rh1 Rd6 22. c3 Rfd8 23. b4 Bf6 24. Re1 b6 25. Kc2 Rd5 26. Red1 Kf8 27. Rb1 Rc8 28. Rbd1 Rcd8 29. Rb1 e5 30. dxe5 Rxd2+ 31. Nxd2 Bxe5 32. Re1 Bf4 33. Nf3 c5 34. Re4 Bd6 35. b5 Bb8 1/2-1/2

[Event "Politiken Cup 32nd"]
[Site "Copenhagen"]
[Date "2010.08.08"]
[Round "10"]
[White "Skovgaard, Tom"]
[Black "Pedersen, Carl Aage"]
[Result "1-0"]
[WhiteElo "2014"]
[BlackElo "1776"]
[PlyCount "91"]
[EventDate "2010.07.31"]
[EventType "swiss"]
[EventRounds "10"]
[EventCountry "DEN"]
[SourceTitle "CBM 137 Extra"]
[Source "ChessBase"]
[SourceDate "2010.09.01"]
[SourceVersion "1"]
[SourceVersionDate "2010.09.01"]
[SourceQuality "1"]

1. e4 c5 2. Nf3 d6 3. d4 cxd4 4. Nxd4 Nf6 5. Nc3 g6 6. Bc4 Bg7 7. h3 0-0 8. Bb3 a6 9. Be3 Nc6 10. 0-0 Bd7 11. f4 Nxd4 12. Bxd4 Bc6 13. Qd3 b5 14. Rad1 Nd7 15. Bxg7 Kxg7 16. Qd4+ Kg8 17. f5 Qb6 18. Qxb6 Nxb6 19. f6 e6 20. Rxd6 Rfc8 21. Rfd1 h6 22. Nd5 Nxd5 23. exd5 Bxd5 24. Bxd5 exd5 25. c3 g5 26. R1xd5 Kh7 27. Kf2 Kg6 28. g4 Re8 29. Rb6 Re4 30. Rd7 Rf4+ 31. Ke3 Rxf6 32. Rxf6+ Kxf6 33. Rd6+ Kg7 34. Kd3 f6 35. b3 Kf7 36. c4 bxc4+ 37. bxc4 Ke7 38. c5 h5 39. Kc4 hxg4 40. hxg4 Rh8 41. Kd5 Rh2 42. Re6+ Kf7 43. Rxa6 Rd2+ 44. Kc6 Rd4 45. Kb7 Rxg4 46. c6 1-0

[Event "Politiken Cup 32nd"]
[Site "Copenhagen"]
[Date "2010.08.04"]
[Round "6"]
[White "Skovgaard, Tom"]
[Black "Sjol, Henrik"]
[Result "1/2-1/2"]
[WhiteElo "2014"]
[BlackElo "1849"]
[PlyCount "105"]
[EventDate "2010.07.31"]
[EventType "swiss"]
[EventRounds "10"]
[EventCountry "DEN"]
[SourceTitle "CBM 137 Extra"]
[Source "ChessBase"]
[SourceDate "2010.09.01"]
[SourceVersion "1"]
[SourceVersionDate "2010.09.01"]
[SourceQuality "1"]

1. e4 c6 2. d4 d5 3. Nc3 dxe4 4. Nxe4 Bf5 5. Ng3 Bg6 6. Nf3 Nd7 7. Bd3 Bxd3 8. Qxd3 e6 9. 0-0 Ngf6 10. Re1 Qc7 11. Ne5 Bd6 12. Qe2 0-0 13. Bd2 Rad8 14. c4 c5 15. Nxd7 Rxd7 16. dxc5 Bxc5 17. Bg5 Be7 18. Red1 Rfd8 19. b3 h6 20. Be3 Bc5 21. Rxd7 Rxd7 22. Bxc5 Qxc5 23. Rd1 Rxd1+ 24. Qxd1 a5 25. Qf3 Qb6 26. Ne4 Nxe4 27. Qxe4 Qb4 28. g3 a4 29. bxa4 Qxa4 30. Qxb7 Qxc4 31. Qa8+ Kh7 32. a4 e5 33. a5 e4 34. Qd8 Qc1+ 35. Kg2 Qc6 36. Qd1 Qa8 37. Qe1 Qd5 38. Kg1 Qa8 39. Qb4 Qd5 40. Qc3 Qd1+ 41. Kg2 Qd5 42. Kf1 Qd1+ 43. Qe1 Qd3+ 44. Qe2 Qb1+ 45. Kg2 Qb7 46. a6 Qc6 47. h4 f5 48. Kh2 Qd7 49. Qe3 Qa4 50. a7 Qa6 51. Qc5 Kg6 52. Qc7 e3 53. fxe3 1/2-1/2

[Event "Politiken Cup 32nd"]
[Site "Copenhagen"]
[Date "2010.08.02"]
[Round "4"]
[White "Skovgaard, Tom"]
[Black "Molvig, Henrik"]
[Result "1/2-1/2"]
[WhiteElo "2014"]
[BlackElo "2179"]
[PlyCount "82"]
[EventDate "2010.07.31"]
[EventType "swiss"]
[EventRounds "10"]
[EventCountry "DEN"]
[SourceTitle "CBM 137 Extra"]
[Source "ChessBase"]
[SourceDate "2010.09.01"]
[SourceVersion "1"]
[SourceVersionDate "2010.09.01"]
[SourceQuality "1"]

1. e4 c5 2. Nf3 d6 3. d4 cxd4 4. Nxd4 Nf6 5. Nc3 a6 6. Be2 e5 7. Nb3 Be7 8. 0-0 0-0 9. Be3 Be6 10. f3 Nbd7 11. Kh1 Qc7 12. a4 Rac8 13. Qe1 d5 14. exd5 Nxd5 15. Nxd5 Bxd5 16. Rc1 Nb6 17. Qa5 Nc4 18. Bxc4 Bxc4 19. Qxc7 Rxc7 20. Bb6 Rcc8 21. Rfd1 Be6 22. Be3 h6 23. Nd2 Rfd8 24. Kg1 f5 25. Kf1 Bf6 26. Ke1 b5 27. axb5 axb5 28. Nf1 Rxd1+ 29. Kxd1 b4 30. Nd2 e4 31. b3 Rd8 32. Ke2 Bd5 33. fxe4 fxe4 34. Nc4 Bxc4+ 35. bxc4 Rc8 36. c5 Bg5 37. Bxg5 hxg5 38. Ke3 Rxc5 39. Kxe4 Kh7 40. g3 b3 41. c3 b2 1/2-1/2

[Event "Oslo Sveins op 3rd"]
[Site "Oslo"]
[Date "2010.06.22"]
[Round "9"]
[White "Moen, Ole Christian"]
[Black "Skovgaard, Tom"]
[Result "1-0"]
[WhiteElo "2233"]
[BlackElo "2005"]
[PlyCount "61"]
[EventDate "2010.06.18"]
[EventType "swiss"]
[EventRounds "9"]
[EventCountry "NOR"]
[SourceTitle "CBM 137 Extra"]
[Source "ChessBase"]
[SourceDate "2010.09.01"]
[SourceVersion "1"]
[SourceVersionDate "2010.09.01"]
[SourceQuality "1"]

1. e4 c5 2. Nf3 e6 3. d4 cxd4 4. Nxd4 a6 5. Bd3 Nc6 6. c3 g6 7. 0-0 Bg7 8. Be3 Nge7 9. f4 e5 10. Nxc6 dxc6 11. Na3 exf4 12. Rxf4 0-0 13. Qf1 Bh6 14. Bd4 Qc7 15. Rh4 Bg7 16. Nc4 f5 17. Bb6 Qb8 18. e5 Be6 19. Bc5 Qd8 20. Nb6 Nd5 21. Rd4 Qg5 22. Nxa8 Rxa8 23. Re1 Ne3 24. Qf2 Ng4 25. Qg3 f4 26. Qxf4 Qh5 27. Bc4 Bxc4 28. Qxg4 Bxe5 29. Rxc4 Qxh2+ 30. Kf1 Bg3 31. Qh3 1-0

[Event "Politiken Cup 31st"]
[Site "Helsingor"]
[Date "2009.07.23"]
[Round "7"]
[White "Skovgaard, Tom"]
[Black "Algra, Jouke M"]
[Result "0-1"]
[WhiteElo "1983"]
[BlackElo "2123"]
[PlyCount "72"]
[EventDate "2009.07.18"]
[EventType "swiss"]
[EventRounds "10"]
[EventCountry "DEN"]
[SourceTitle "CBM 131 Extra"]
[Source "ChessBase"]
[SourceDate "2009.09.03"]
[SourceVersion "2"]
[SourceVersionDate "2009.09.16"]
[SourceQuality "1"]

1. e4 e6 2. d4 c5 3. Nf3 cxd4 4. Nxd4 Bc5 5. Nb3 Be7 6. Nc3 d6 7. Bd3 Nf6 8. Be3 a6 9. f4 Nbd7 10. Qf3 Qc7 11. a4 b6 12. g4 g5 13. h4 gxf4 14. Qxf4 Ne5 15. Be2 Bb7 16. g5 Nfd7 17. Qf1 f5 18. exf5 exf5 19. Bh5+ Ng6 20. Bf3 f4 21. Qg2 d5 22. Bd4 Rf8 23. Nxd5 Bxd5 24. Bxd5 f3 25. Bxf3 0-0-0 26. Be2 Nc5 27. Nxc5 bxc5 28. Bxa6+ Kb8 29. Bf2 Qa5+ 30. c3 Qxa6 31. Bg3+ Ka7 32. Rf1 Rfe8 33. Rf2 Bd6+ 34. Re2 Bxg3+ 35. Kf1 Rxe2 36. Qxe2 Rf8+ 0-1

[Event "Politiken Cup 31st"]
[Site "Helsingor"]
[Date "2009.07.22"]
[Round "6"]
[White "Mouritsen, Jan"]
[Black "Skovgaard, Tom"]
[Result "0-1"]
[WhiteElo "1758"]
[BlackElo "1983"]
[PlyCount "86"]
[EventDate "2009.07.18"]
[EventType "swiss"]
[EventRounds "10"]
[EventCountry "DEN"]
[SourceTitle "CBM 131 Extra"]
[Source "ChessBase"]
[SourceDate "2009.09.03"]
[SourceVersion "2"]
[SourceVersionDate "2009.09.16"]
[SourceQuality "1"]

1. d4 Nf6 2. c4 e6 3. Nc3 Bb4 4. e3 0-0 5. Bd3 c5 6. Nf3 d5 7. 0-0 Nc6 8. a3 Bxc3 9. bxc3 dxc4 10. Bxc4 Qc7 11. Qc2 e5 12. dxe5 Nxe5 13. Nxe5 Qxe5 14. f4 Qe7 15. Bd3 Bd7 16. e4 c4 17. Be2 Nxe4 18. Bf3 Bc6 19. Bxe4 Bxe4 20. Re1 Bxc2 21. Rxe7 Rfe8 22. Rxe8+ Rxe8 23. Bd2 Rd8 24. Re1 f5 25. Be3 Be4 26. Bd4 Rd5 27. g4 g6 28. gxf5 gxf5 29. Kf2 Ra5 30. Rg1+ Kf7 31. Rg7+ Ke6 32. Rxh7 Rxa3 33. Rh6+ Kd5 34. h4 Ra2+ 35. Ke3 b5 36. h5 b4 37. Rh8 b3 38. Rd8+ Ke6 39. h6 Rh2 40. Be5 b2 41. Rd6+ Ke7 42. Ra6 b1Q 43. Rxa7+ Ke8 0-1

[Event "Politiken Cup 31st"]
[Site "Helsingor"]
[Date "2009.07.21"]
[Round "5"]
[White "Skovgaard, Tom"]
[Black "Christensen, Stefan"]
[Result "0-1"]
[WhiteElo "1983"]
[BlackElo "2283"]
[PlyCount "126"]
[EventDate "2009.07.18"]
[EventType "swiss"]
[EventRounds "10"]
[EventCountry "DEN"]
[SourceTitle "CBM 131 Extra"]
[Source "ChessBase"]
[SourceDate "2009.09.03"]
[SourceVersion "2"]
[SourceVersionDate "2009.09.16"]
[SourceQuality "1"]

1. e4 e6 2. d4 d5 3. Nd2 Be7 4. c3 c5 5. exd5 exd5 6. Bb5+ Nc6 7. dxc5 Bxc5 8. Qe2+ Nge7 9. Nb3 Bb6 10. Bg5 f6 11. Bxc6+ bxc6 12. Be3 0-0 13. Nf3 Bxe3 14. Qxe3 Nf5 15. Qd3 Re8+ 16. Kf1 Qb6 17. Kg1 Nd6 18. Re1 Ba6 19. Qd4 Rxe1+ 20. Nxe1 Re8 21. Nf3 Re2 22. h4 Rxb2 23. Kh2 Rxa2 24. Nc5 Ra5 25. Qe3 Qxc5 26. Qe6+ Nf7 27. Qe8+ Qf8 28. Re1 h6 29. h5 Qxe8 30. Rxe8+ Kh7 31. Nh4 d4 32. g4 Bd3 33. f4 g6 34. hxg6+ Bxg6 35. f5 Bxf5 36. gxf5 Nd6 37. Re7+ Kg8 38. cxd4 Nxf5 39. Nxf5 Rxf5 40. Rxa7 Rd5 41. Rc7 Rxd4 42. Rxc6 Kg7 43. Kg3 Kg6 44. Rc8 h5 45. Kf3 Kg5 46. Rg8+ Kf5 47. Rh8 Rd3+ 48. Ke2 Rh3 49. Kf2 Kf4 50. Kg2 Rg3+ 51. Kf2 Rg5 52. Rh6 f5 53. Rh8 Kg4 54. Rh7 h4 55. Rh8 h3 56. Ra8 Rh5 57. Rg8+ Kf4 58. Rg1 h2 59. Rh1 Kg4 60. Kg2 f4 61. Kf2 f3 62. Ke1 Kg3 63. Kf1 Ra5 0-1